ბათუმის შოთა რუსთაველის სახელმწიფო უნივერსიტეტის ბიბლიოთეკა

ქოლერის გამომწვევის გამოვლენა საქართველოს რეკრეაციულ წყალსატევებში, მისი ეკოლოგიის და ბიომრავალფეროვნების შესწავლა / (ბიბ.ჩანაწერი № 51803)

000 -ლიდერი
ფიქსირებული სიგრძის საკონტროლო ველი 01934nam a2200265Ia 4500
001 - საკონტროლო ნომერი
საკონტროლო ველი 18798
003 - საკონტროლო ნომრის იდენტიფიკატორი
საკონტროლო ველი GE_BSU
005 - ბოლო ოპერაციის თარიღი და დრო
საკონტროლო ველი 20210413113108.0
008 - ფიქსირებული სიგრძის მონაცემთა ელემენტები - ზოგადი ინფორმაცია
ფიქსირებული სიგრძის საკონტროლო ველი 181216s2015||||ge |||||||||||||| ||geo||
040 ## - კატალოგიზაციის წყარო
Transcribing agency GE_BSU
041 ## - ენის კოდი
Language code of text/sound track or separate title geo
080 ## - უნივერსალური ათობითი კლასიფიკაციის ინდექსი
Universal Decimal Classification number 61 ქ-69
100 ## - მთავარი ჩანაწერი - პიროვნების სახელი
Personal name ქოქაშვილი, თამარ
9 (RLIN) 11258
245 ## - ცნობა სათაურის შესახებ
Title ქოლერის გამომწვევის გამოვლენა საქართველოს რეკრეაციულ წყალსატევებში, მისი ეკოლოგიის და ბიომრავალფეროვნების შესწავლა /
Statement of responsibility, etc თამარ ქოქაშვილი; სამეცნიერო ხელმძღვანელები : გ. კამკამიძე, მ. თედიაშვილი; თბილისის სახ-ლო სამედიცინო უნ-ტი.
264 ## - წარმოების, გამოცემის, დისტრიბუციის და სხვა ცნობები
გამოცემის, წარმოების, დისტრიბუციის... ადგილი თბილისი,
გამოცემის, წარმოების, დისტრიბუციის... თარიღი 2015.
300 ## - ფიზიკური აღწერა
Extent 218 გვ.
Other physical details 30 სმ.
653 ## - INDEX TERM--UNCONTROLLED
Uncontrolled term დისერტაცია
653 ## - INDEX TERM--UNCONTROLLED
Uncontrolled term მედიცინა
653 ## - INDEX TERM--UNCONTROLLED
Uncontrolled term ქოლერა საქართველოში
653 ## - INDEX TERM--UNCONTROLLED
Uncontrolled term ქოლერის გამომწვევის გამოვლენა საქართველოს რეკრეაციულ წყალსატევებში, მისი ეკოლოგიის და ბიომრავალფეროვნების შესწავლა
700 ## - ADDED ENTRY--PERSONAL NAME
Personal name კამკამიძე, გიორგი
Relator term სამეცნიერო ხელმძღვანელი
9 (RLIN) 11259
700 ## - ADDED ENTRY--PERSONAL NAME
Personal name თედიაშვილი, მარინე
Relator term სამეცნიერო ხელმძღვანელი
9 (RLIN) 10718
710 ## - ADDED ENTRY--CORPORATE NAME
Corporate name or jurisdiction name as entry element თბილისის სახ-ლო სამედიცინო უნ-ტი
9 (RLIN) 10087
942 ## - ADDED ENTRY ELEMENTS (KOHA)
Koha item type წიგნი
Source of classification or shelving scheme
ეგზემპლარები
ჩამოწერის სტატუსი დაკარგული ეგზემპლარის სტატუსი კლასიფიკაციის წყარო ან თაროზე გაწყობის სქემა დაზიანების სტატუსი არ გაიცემა მუდმივი მდებარეობა (დაცვის ადგილი) ამჟამინდელი ადგილსამყოფელი თაროზე განთავსების ადგილი შეძენის თარიღი სრული შენახვის შიფრი შტრიხკოდი ბოლო ოპერაციის თარიღი ეგზემპლარის მიმდევრობითი ნომერი (კეტერი?) ფასის ძალაში შესვლის თარიღი ეგზემპლარის სახეობა
          ბათუმის შოთა რუსთაველის სახელმწიფო უნივერსიტეტის მთავარი ბიბლიოთეკა ბათუმის შოთა რუსთაველის სახელმწიფო უნივერსიტეტის მთავარი ბიბლიოთეკა წიგნსაცავი 2018-12-17 61 ქ-69 218 დისერტ. 2018-12-17 218 2018-12-17 დისერტაცია